Libertad de elegir: hacia un nuevo liberalismo económico

Uloženo v:
Podrobná bibliografie
Hlavní autoři: Friedman, Milton (Autor), Friedman, Rose (Autor)
Médium: Kniha
Jazyk:španělština
Vydáno: Barcelona Grijalbo 1981
Témata:
Tagy: Přidat tag
Žádné tagy, Buďte první, kdo vytvoří štítek k tomuto záznamu!

MARC

LEADER 00000nam a2200000 a 4500
001 UCR3456
003 CL-VaPUC
008 980124e19810000SP |||||||||||||||||spa|d
082 0 4 |a 330.122  |b FRI  |2 21 
100 0 |a Friedman, Milton  |e author  |9 356484 
700 0 |a Friedman, Rose  |e author  |9 402355 
245 1 0 |a Libertad de elegir: hacia un nuevo liberalismo económico 
300 |a 436 p 
942 |c BK 
945 |d 19980124 00:00:00  |a aolguin 
260 |a Barcelona  |b Grijalbo  |c 1981 
650 0 |a Capitalismo  |9 255255 
650 7 |a ESTADO BENEFACTOR SOCIAL  |2 CL-VaPUC  |9 316802 
650 7 |a INDUSTRIA Y ESTADO  |2 CL-VaPUC  |9 258143 
650 0 |a Mercado  |9 321497 
650 0 |a Control  |9 330602 
650 7 |a CRISIS  |2 CL-VaPUC  |9 328300 
650 0 |a Igualdad social  |9 358751 
650 0 |a Trabajadores  |9 260887 
650 0 |a Inflación   |9 257218 
583 |a last modification  |c 19980124 00:00:00  |k Rodrigo Vera 
999 |c 266527  |d 266525 
952 |0 0  |1 0  |4 0  |6 330_122000000000000_FRI_1981  |7 0  |8 A  |9 298223  |a BIBENE  |b BIBENE  |d 2019-11-20  |i 2864711  |o 330.122 FRI 1981  |p 2864711  |r 2025-01-15  |w 2019-11-20  |y BK  |k ICO